000
00267nam a2200133Ia 4500
100
_a
EMC
942
_c
RB
366
_f
10
654
_a
data science
245
_a
Data science and Big data analytics
260
_b
Wiley
_c
2015
300
_a
410
546
_a
ENGLISH
999
_c
22788
_d
22788